00494nam a2200157Ia 4500003000900000008004100009040001600050080001700066100001900083245011700102250001200219260004400231300001500275650002700290650001900317IN-BaIIA211028s9999 xx 000 0 eng d cIIA Library a621.317bGOL aGolding, E. W. 0aElectrical Measurements and Measuring InstrumentscE. W. Golding  a3rd ed. aLondonbSir Isaac Pitman and Sonsc1948 axii, 828p. aElectrical Engineering aNASA Thesaurus